| 000 | 00954cam a22002531 4500 | ||
|---|---|---|---|
| 001 | ca 18001598 | ||
| 003 | DLC | ||
| 005 | 20260227111108.0 | ||
| 008 | 880622s1903 pl 000 0 pol | ||
| 010 | _aca 18001598 | ||
| 035 | _a(OCoLC)18123280 | ||
| 040 |
_aDLC _cMiDW _dMiDW _dDLC |
||
| 042 | _apremarc | ||
| 050 | 0 | 0 |
_aAC60 _b.B47 nr. 45 |
| 245 | 0 | 0 |
_aSejm piekielny. _bSatyra obyczajowa (1622 r.) _cWydał Aleksander Brückner. |
| 260 |
_aKraków, _bNakładem Akademii umiejętności, _c1903. |
||
| 300 |
_a76 p. _c21 cm. |
||
| 490 | 1 |
_aWydawnictwa Akademii umiejętności w Krakowie. Biblioteka pisarzów polskich, _vnr. 45 |
|
| 500 | _aWith reproduction of original t.-p. | ||
| 500 | _aAttributed by Orgelbrand to Jan Borawski. | ||
| 700 | 1 |
_aBrückner, Aleksander, _d1856-1939, _eed. |
|
| 700 | 1 |
_aBorawski, Jan, _dactive 1620, _esupposed author. |
|
| 810 | 2 |
_aPolska Akademia Umiejętności, Kraków. _tBiblioteka pisarzów polskich ; _vno. 45. |
|
| 999 |
_c15442 _d15442 |
||